000 00201nam a22000857a 4500
008 170617b xxu||||| |||| 00| 0 eng d
100 _93499
_aSingh. R
245 _aFruits
260 _aNew Delhi
_bN. B. T
_c2008
999 _c6882
_d6882